[Event "BL 0506 SV Wattenscheid - SF Berlin"]
[Site "?"]
[Date "2006.02.18"]
[Round "10.7"]
[White "Rudolf, Henrik"]
[Black "Straeter, Timo"]
[Result "1/2-1/2"]
[WhiteElo "2346"]
[BlackElo "2342"]
[PlyCount "105"]
[EventDate "2006.??.??"]

1. e4 e6 2. d4 d5 3. Nc3 Nf6 4. e5 Nfd7 5. f4 c5 6. Nf3 Nc6 7. Be3 a6 8. Qd2
cxd4 9. Nxd4 Bc5 10. O-O-O O-O 11. h4 Bxd4 12. Bxd4 b5 13. Bg1 b4 14. Ne2 a5
15. Rh3 Ba6 16. h5 a4 17. Kb1 a3 18. b3 f6 19. c4 bxc3 20. Rxc3 Bb5 21. Rdc1
Ra6 22. Ng3 Qa5 23. Bxb5 Qxb5 24. Qe2 Qxe2 25. Nxe2 Ncb8 26. Bc5 Nxc5 27. Rxc5
fxe5 28. fxe5 Nd7 29. Rc6 Rxc6 30. Rxc6 Rf2 31. Nc1 Kf7 32. Ra6 Nxe5 33. Rxa3
d4 34. b4 Nc4 35. Rf3+ Rxf3 36. gxf3 Nd2+ 37. Kc2 Nxf3 38. Kd3 e5 39. Ke4 Ne1
40. a4 Ke6 41. a5 Kd6 42. a6 Kc6 43. b5+ Kb6 44. Kxe5 d3 45. Na2 d2 46. Nc3
Nd3+ 47. Kf5 Nf2 48. Ke6 g6 49. hxg6 hxg6 50. Nd5+ Ka7 51. Ne3 d1=Q 52. Nxd1
Nxd1 53. Kf6 1/2-1/2

[Event "BL 0506 SV Wattenscheid - SF Berlin"]
[Site "?"]
[Date "2006.02.18"]
[Round "10.8"]
[White "Thiel, Thomas"]
[Black "Wendt, Jan-Dietrich"]
[Result "1/2-1/2"]
[WhiteElo "2308"]
[BlackElo "2331"]
[PlyCount "23"]
[EventDate "2006.??.??"]

1. e4 c5 2. Nc3 e6 3. Nge2 Nc6 4. g3 Nf6 5. Bg2 d6 6. O-O a6 7. d4 cxd4 8. Nxd4
Qc7 9. Re1 Nd7 10. Bg5 Nde5 11. Nxc6 bxc6 12. b3 1/2-1/2

[Event "BL 0506 Solinger SG - SG Kirchheim"]
[Site "?"]
[Date "2006.??.??"]
[Round "9.3"]
[White "Gschnitzer, Oswald Dr"]
[Black "Baramidze, David"]
[Result "0-1"]
[WhiteElo "2427"]
[BlackElo "2535"]
[PlyCount "66"]
[EventDate "2006.??.??"]

1. Nf3 c5 2. c4 Nc6 3. Nc3 g6 4. e3 Bg7 5. d4 d6 6. d5 Ne5 7. Nxe5 Bxe5 8. Bd3
Bg7 9. e4 Nf6 10. O-O O-O 11. Bg5 h6 12. Bh4 Nh5 13. f4 Nxf4 14. Rxf4 g5 15.
Rg4 gxh4 16. Rxh4 f5 17. Qh5 e6 18. exf5 exf5 19. Rf1 Bd7 20. Rh3 Qe8 21. Qh4
f4 22. Rhf3 Qe5 23. Kh1 Rae8 24. Ne4 Bf5 25. Nf2 Qxb2 26. Ng4 Bxd3 27. Rxd3 Qe2
28. Rdf3 Kh7 29. Rb1 Qxa2 30. Rfb3 b6 31. Qh3 Qe2 32. Rf3 Qxc4 33. Qh5 Qe4 0-1

[Event "BL 0506 Solinger SG - SG Kirchheim"]
[Site "?"]
[Date "2006.??.??"]
[Round "9.4"]
[White "Naumann, Alexander"]
[Black "Tompa, Janos"]
[Result "1/2-1/2"]
[WhiteElo "2536"]
[BlackElo "2408"]
[PlyCount "83"]
[EventDate "2006.??.??"]

1. e4 c5 2. Nf3 e6 3. d4 cxd4 4. Nxd4 Nf6 5. Nc3 d6 6. Bc4 Be7 7. O-O O-O 8.
Bb3 Na6 9. f4 Nc5 10. Qf3 e5 11. fxe5 dxe5 12. Nf5 Bxf5 13. exf5 Nxb3 14. axb3
Qc7 15. Bg5 e4 16. Qe2 Rfe8 17. Ra4 h6 18. Bxf6 Bxf6 19. Rxe4 Rxe4 20. Qxe4
Bxc3 21. bxc3 Qxc3 22. Qxb7 Qc5+ 23. Kh1 Re8 24. Qd7 Re2 25. Qd8+ Kh7 26. f6
Qf5 27. Rg1 Qxc2 28. fxg7 Kxg7 29. Qd4+ Kh7 30. b4 Re7 31. Rf1 Qe2 32. Kg1 a6
33. h3 Kg8 34. Rf3 Re6 35. Qd8+ Kg7 36. Qd7 Qe1+ 37. Rf1 Qe3+ 38. Kh1 Rf6 39.
Qg4+ Rg6 40. Qf5 Qe6 41. Qf4 Qd5 42. Qf3 1/2-1/2

[Event "BL 0506 Solinger SG - SG Kirchheim"]
[Site "?"]
[Date "2006.??.??"]
[Round "9.5"]
[White "Beckhuis, Gernod"]
[Black "Gabriel, Christian"]
[Result "1/2-1/2"]
[WhiteElo "2324"]
[BlackElo "2531"]
[PlyCount "79"]
[EventDate "2006.??.??"]

1. d4 Nf6 2. c4 c5 3. d5 e5 4. Nc3 d6 5. e4 Be7 6. Nf3 Nbd7 7. h3 Nf8 8. g3 Ng6
9. h4 Bg4 10. Be2 O-O 11. Ng5 Bxe2 12. Qxe2 Qd7 13. Bd2 a6 14. a4 h6 15. Nh3
Ne8 16. f3 b6 17. Kf1 f5 18. h5 Nh8 19. Kg2 Nf6 20. Nf2 Nf7 21. exf5 Qxf5 22.
g4 Qd7 23. Kg3 Nh7 24. Nfe4 Bg5 25. Rhf1 Bxd2 26. Qxd2 Nfg5 27. Qe2 Rf4 28.
Nxg5 Nxg5 29. Ne4 Nxf3 30. Qxf3 Rxf3+ 31. Rxf3 Rf8 32. Raf1 Rxf3+ 33. Rxf3 Qxa4
34. Nxd6 Qd1 35. Nf5 b5 36. Ne7+ Kh7 37. Ng6 Qg1+ 38. Kh3 Qh1+ 39. Kg3 Qg1+ 40.
Kh3 1/2-1/2

[Event "BL 0506 Solinger SG - SG Kirchheim"]
[Site "?"]
[Date "2006.??.??"]
[Round "9.6"]
[White "Hoffmann, Michael"]
[Black "Wintzer, Joachim Dr"]
[Result "1/2-1/2"]
[WhiteElo "2475"]
[BlackElo "2322"]
[PlyCount "146"]
[EventDate "2006.??.??"]

1. d4 e6 2. c4 f5 3. Nc3 Bb4 4. Qc2 Nf6 5. e3 b6 6. Bd3 Bb7 7. f3 g6 8. Nge2
Nc6 9. Bd2 Bf8 10. a3 Qe7 11. O-O Bh6 12. d5 Nd8 13. e4 Bxd2 14. Qxd2 fxe4 15.
Nxe4 exd5 16. Nxf6+ Qxf6 17. cxd5 Bxd5 18. Bxg6+ hxg6 19. Qxd5 c6 20. Qd3 Ne6
21. b4 O-O-O 22. Qd6 Qb2 23. Rfe1 Rh5 24. Qd3 Qf6 25. Rad1 Kb7 26. Qd6 Re5 27.
Rd3 Kc8 28. a4 Qf5 29. Kf2 Rxe2+ 30. Rxe2 Nf4 31. Ree3 Nxd3+ 32. Rxd3 Qf7 33.
Rd2 Qc4 34. g4 Qb3 35. a5 bxa5 36. bxa5 Qb5 37. Qxg6 Qxa5 38. Qd6 Qc7 39. Qxc7+
Kxc7 40. h4 d5 41. h5 Kd6 42. Ke3 c5 43. h6 d4+ 44. Ke4 Re8+ 45. Kf5 Rf8+ 46.
Kg6 Rxf3 47. Rh2 Rf8 48. h7 d3 49. h8=Q Rxh8 50. Rxh8 Ke5 51. g5 c4 52. Re8+
Kd4 53. Kf5 c3 54. Re4+ Kc5 55. g6 d2 56. g7 d1=Q 57. g8=Q Qd7+ 58. Kf4 Qd2+
59. Ke5 Qd6+ 60. Kf5 Qd7+ 61. Kf4 Qd2+ 62. Kf3 Qd3+ 63. Re3 Qf1+ 64. Ke4 Qc4+
65. Qxc4+ Kxc4 66. Re2 a5 67. Rh2 a4 68. Ke3 a3 69. Rh8 a2 70. Ra8 Kb3 71. Kd3
Kb2 72. Rb8+ Ka1 73. Ra8 Kb2 1/2-1/2

[Event "BL 0506 Solinger SG - SG Kirchheim"]
[Site "?"]
[Date "2006.??.??"]
[Round "9.7"]
[White "Vonthron, Horst"]
[Black "Ernst, Sipke"]
[Result "0-1"]
[WhiteElo "2345"]
[BlackElo "2457"]
[PlyCount "118"]
[EventDate "2006.??.??"]

1. e4 e5 2. Nf3 Nc6 3. Bc4 Nf6 4. d3 Bc5 5. c3 d6 6. Nbd2 a6 7. O-O Ba7 8. Bb3
Ne7 9. Nc4 Ng6 10. Ne3 O-O 11. h3 Nf4 12. Nf5 N6h5 13. Kh2 g6 14. Ng3 Ng7 15.
Ne2 Nfe6 16. d4 f6 17. Nfg1 Kh8 18. f4 exd4 19. cxd4 f5 20. e5 dxe5 21. dxe5
Qe7 22. Nf3 Rd8 23. Qc2 Bd7 24. Bd2 Bb5 25. Bc4 Bc6 26. Qc1 Bd5 27. Bxd5 Rxd5
28. Be3 Bxe3 29. Qxe3 Rad8 30. Rac1 Rd3 31. Qf2 Qb4 32. b3 Qe7 33. Rc2 Nh5 34.
Rfc1 c6 35. Rc4 c5 36. g3 b5 37. R4c3 R3d5 38. Nfg1 b4 39. R3c2 Rd3 40. Nf3 a5
41. Ne1 R3d7 42. Ng2 Rf8 43. Ne3 g5 44. Nc4 gxf4 45. gxf4 Nd4 46. Rd2 Nxe2 47.
Rxd7 Qxd7 48. Qxe2 Nxf4 49. Qf3 Ne6 50. Nd6 Qg7 51. Re1 f4 52. h4 Nd4 53. Qh3
f3 54. Qg3 Qe7 55. e6 f2 56. Qe5+ Rf6 57. Nf7+ Qxf7 58. exf7 Nf3+ 59. Kg2
fxe1=N+ 0-1

[Event "BL 0506 SV Wattenscheid - OSC Baden Bad"]
[Site "?"]
[Date "2006.??.??"]
[Round "9.4"]
[White "Handke, Florian"]
[Black "Movsesian, Sergei"]
[Result "1/2-1/2"]
[WhiteElo "2460"]
[BlackElo "2645"]
[PlyCount "52"]
[EventDate "2006.??.??"]

1. e4 c5 2. Nf3 Nc6 3. Bb5 d6 4. O-O Bd7 5. c3 Nf6 6. Re1 a6 7. Bf1 Bg4 8. h3
Bh5 9. d3 e6 10. Nbd2 Nd7 11. Qb3 Na5 12. Qd1 Nc6 13. Qb3 Be7 14. d4 Na5 15.
Qd1 cxd4 16. cxd4 d5 17. exd5 exd5 18. b4 Nc6 19. Qb3 Nf6 20. b5 axb5 21. Ba3
O-O 22. Bxe7 Nxe7 23. Qxb5 Ra7 24. Ne5 Nf5 25. Qc5 Ra5 26. Qb4 Nd6 1/2-1/2

[Event "BL 0506 SV Wattenscheid - OSC Baden Bad"]
[Site "?"]
[Date "2006.??.??"]
[Round "9.6"]
[White "Lemmers, Oscar"]
[Black "Dautov, Rustem"]
[Result "1/2-1/2"]
[WhiteElo "2425"]
[BlackElo "2595"]
[PlyCount "82"]
[EventDate "2006.??.??"]

1. d4 Nf6 2. Nf3 e6 3. g3 b5 4. Bg2 d5 5. O-O Nbd7 6. Nbd2 Bb7 7. e4 Nxe4 8.
Nxe4 dxe4 9. Ng5 Nf6 10. Re1 Be7 11. Nxe4 Nxe4 12. Bxe4 Bxe4 13. Rxe4 O-O 14.
Qd3 c5 15. Qxb5 cxd4 16. Bf4 Rc8 17. Rd1 Rc5 18. Qe2 Rd5 19. Rd3 Bf6 20. Be5
Bxe5 21. Rxe5 Rd6 22. Re4 Qd7 23. Qd1 Rd8 24. c3 dxc3 25. Rxd6 Qxd6 26. Qxd6
Rxd6 27. Rc4 g5 28. Rxc3 Rd2 29. Rb3 Kg7 30. g4 Kg6 31. Kg2 h5 32. h3 a5 33.
Rb5 a4 34. Rb4 a3 35. bxa3 Rxa2 36. a4 Ra3 37. Rc4 h4 38. Rb4 Kf6 39. Rc4 Kg6
40. Rb4 Kf6 41. Rc4 Kg6 1/2-1/2

[Event "BL 0506 SV Wattenscheid - OSC Baden Bad"]
[Site "?"]
[Date "2006.??.??"]
[Round "9.7"]
[White "Schlosser, Philipp"]
[Black "Straeter, Timo"]
[Result "1-0"]
[WhiteElo "2554"]
[BlackElo "2342"]
[PlyCount "41"]
[EventDate "2006.??.??"]

1. d4 Nf6 2. c4 c5 3. Nf3 g6 4. Nc3 Bg7 5. e4 cxd4 6. Nxd4 O-O 7. Be2 Nc6 8.
Be3 d6 9. O-O Bd7 10. Nc2 Rc8 11. f3 Ne8 12. Qd2 Nc7 13. Rfd1 f5 14. c5 fxe4
15. cxd6 exd6 16. Qxd6 exf3 17. Bc4+ Kh8 18. Qxd7 Qh4 19. Bf1 fxg2 20. Bxg2
Rce8 21. Rf1 1-0

[Event "BL 0506 SV Wattenscheid - OSC Baden Bad"]
[Site "?"]
[Date "2006.??.??"]
[Round "9.8"]
[White "Thiel, Thomas"]
[Black "Doettling, Fabian"]
[Result "1/2-1/2"]
[WhiteElo "2308"]
[BlackElo "2542"]
[PlyCount "99"]
[EventDate "2006.??.??"]

1. e4 c6 2. d4 d5 3. exd5 cxd5 4. c4 Nf6 5. Nc3 e6 6. Nf3 Bb4 7. Qc2 O-O 8. Bg5
h6 9. Bh4 Nc6 10. Rd1 Be7 11. a3 b6 12. Bd3 Bb7 13. Bxf6 Bxf6 14. cxd5 exd5 15.
O-O Re8 16. h3 Rc8 17. Bh7+ Kh8 18. Bf5 Rc7 19. Qd2 Rce7 20. b4 a5 21. b5 Na7
22. Bc2 Nc8 23. Bb3 Nd6 24. Qa2 Ne4 25. Nxe4 Rxe4 26. Bc2 Re2 27. Qb3 g6 28.
Bd3 R2e7 29. Rc1 Qd6 30. Rfd1 Kg7 31. Bf1 Rc7 32. g3 Rec8 33. Qb2 Be7 34. a4
Qa3 35. Qxa3 Bxa3 36. Rxc7 Rxc7 37. Ra1 Bd6 38. Ne5 f6 39. Nc6 Bxc6 40. bxc6
Rxc6 41. Re1 Bb4 42. Bb5 Rc2 43. Re6 Rd2 44. Rxb6 Rxd4 45. Rb7+ Kf8 46. Rb8+
Ke7 47. Rb7+ Ke6 48. Rb6+ Ke7 49. Rb7+ Ke6 50. Rb6+ 1/2-1/2

[Event "BL 0506 SC Eppingen - SF Berlin"]
[Site "?"]
[Date "2006.01.29"]
[Round "9.1"]
[White "Nataf, Igor-Alexandre"]
[Black "Postny, Evgeny"]
[Result "1/2-1/2"]
[WhiteElo "2564"]
[BlackElo "2571"]
[PlyCount "85"]
[EventDate "2006.??.??"]

1. e4 e5 2. Nf3 Nc6 3. d4 exd4 4. Nxd4 Bc5 5. Nxc6 Qf6 6. Qf3 dxc6 7. Qxf6 Nxf6
8. f3 Be6 9. Nd2 O-O-O 10. Nb3 Bb6 11. Bd2 Nd7 12. Bc3 f6 13. Nd4 Bxd4 14. Bxd4
c5 15. Be3 b6 16. O-O-O Kb7 17. Be2 Ne5 18. Rxd8 Rxd8 19. Rd1 Rxd1+ 20. Bxd1
Bc4 21. f4 Nf7 22. Bf3 Kc8 23. Bd2 Bb5 24. Bc3 Bc6 25. Kd2 Nd6 26. Ke3 Nc4+ 27.
Ke2 Kd7 28. g4 Ke7 29. h4 Bd7 30. g5 Nd6 31. Ke3 Nb5 32. Be1 f5 33. e5 Nd4 34.
Bd1 Bc6 35. c3 Ne6 36. Bc2 g6 37. h5 Bd5 38. b3 a5 39. h6 Kf7 40. c4 Bg2 41.
Bc3 Bc6 42. a3 Bb7 43. Bd3 1/2-1/2

[Event "BL 0506 SC Eppingen - SF Berlin"]
[Site "?"]
[Date "2006.01.29"]
[Round "9.2"]
[White "Acs, Peter"]
[Black "Miezis, Normunds"]
[Result "1/2-1/2"]
[WhiteElo "2518"]
[BlackElo "2470"]
[PlyCount "51"]
[EventDate "2006.??.??"]

1. e4 c5 2. Nf3 e6 3. d4 cxd4 4. Nxd4 a6 5. Bd3 Nc6 6. Nxc6 dxc6 7. Nd2 e5 8.
Nc4 Be6 9. Bd2 Bxc4 10. Bxc4 Nf6 11. Qe2 Bd6 12. O-O-O Qe7 13. Bg5 h6 14. Bh4
O-O-O 15. Rd3 b5 16. Bb3 Bc7 17. Bxf6 Qxf6 18. Qg4+ Kb7 19. Rf3 Qg6 20. Qxg6
fxg6 21. Rf7 Rhf8 22. Rd1 Rxf7 23. Bxf7 g5 24. Rxd8 Bxd8 25. Kd2 Bb6 26. f3
1/2-1/2

[Event "BL 0506 SC Eppingen - SF Berlin"]
[Site "?"]
[Date "2006.01.29"]
[Round "9.4"]
[White "Medvegy, Zoltan"]
[Black "Polzin, Rainer"]
[Result "1-0"]
[WhiteElo "2478"]
[BlackElo "2514"]
[PlyCount "81"]
[EventDate "2006.??.??"]

1. d4 Nf6 2. c4 g6 3. Nc3 Bg7 4. e4 d6 5. Be2 O-O 6. Nf3 Na6 7. O-O e5 8. Be3
Ng4 9. Bg5 Qe8 10. dxe5 dxe5 11. h3 h6 12. Bc1 Nf6 13. Be3 Qe7 14. a3 c6 15. b4
Rd8 16. Qc1 Kh7 17. c5 Nc7 18. Rd1 Rxd1+ 19. Qxd1 Nfe8 20. Qc2 Ne6 21. Rd1 Nf4
22. Bxf4 exf4 23. Bc4 Nc7 24. e5 a5 25. Qe4 axb4 26. axb4 Ra3 27. Nb1 Ra4 28.
Bb3 Bf5 29. Qc4 Ra1 30. Nbd2 Nd5 31. Qd4 Rxd1+ 32. Bxd1 f6 33. Ne4 b5 34. cxb6
Qxb4 35. Nd6 Qxb6 36. Nxf5 gxf5 37. Qd3 fxe5 38. Qxf5+ Kg8 39. Qe6+ Kf8 40. Ng5
hxg5 41. Bh5 1-0

[Event "BL 0506 SC Eppingen - SF Berlin"]
[Site "?"]
[Date "2006.01.29"]
[Round "9.5"]
[White "Berndt, Stephan"]
[Black "Mann, Christian"]
[Result "1/2-1/2"]
[WhiteElo "2447"]
[BlackElo "2464"]
[PlyCount "83"]
[EventDate "2006.??.??"]

1. e4 d5 2. exd5 Qxd5 3. Nc3 Qa5 4. d4 Nf6 5. Nf3 Bg4 6. h3 Bxf3 7. Qxf3 c6 8.
Bd2 Nbd7 9. O-O-O e6 10. Kb1 Qb6 11. Bc1 Be7 12. g4 h6 13. h4 g6 14. g5 hxg5
15. hxg5 Rxh1 16. Qxh1 Nh5 17. Be2 O-O-O 18. Bxh5 gxh5 19. Qxh5 Rf8 20. Qh7 Qd8
21. Ne4 f5 22. gxf6 Nxf6 23. Nxf6 Bxf6 24. Qe4 Qd5 25. Qxd5 exd5 26. Be3 Kd7
27. Rg1 Ke6 28. Kc1 Kf5 29. Kd2 Rd8 30. Kd3 Rd7 31. a4 a6 32. b3 Rh7 33. Rg3
Rh1 34. Rg8 Rh8 35. Rg1 Rh7 36. c4 Rh3 37. cxd5 cxd5 38. Rc1 Rh7 39. Rc8 Rd7
40. Rc5 Be7 41. Rc8 Bd8 42. Rc1 1/2-1/2

[Event "BL 0506 SC Eppingen - SF Berlin"]
[Site "?"]
[Date "2006.01.29"]
[Round "9.6"]
[White "Rau, Hannes"]
[Black "Borriss, Martin Dr"]
[Result "0-1"]
[WhiteElo "2421"]
[BlackElo "2424"]
[PlyCount "100"]
[EventDate "2006.??.??"]

1. d4 Nf6 2. c4 g6 3. Nc3 Bg7 4. e4 d6 5. Nf3 O-O 6. Be2 e5 7. O-O Na6 8. Re1
c6 9. Bf1 Bg4 10. d5 Ne8 11. h3 Bd7 12. c5 cxd5 13. Bxa6 bxa6 14. Nxd5 dxc5 15.
Be3 Rc8 16. Rc1 c4 17. b3 Nd6 18. Bxa7 Be6 19. bxc4 Nxc4 20. Qd3 Bxd5 21. exd5
Nb2 22. Qe2 Rxc1 23. Rxc1 e4 24. Qxe4 Re8 25. Qg4 Qxd5 26. Rc8 Rd8 27. Bd4 Bxd4
28. Nxd4 h5 29. Rxd8+ Qxd8 30. Qe4 Qf6 31. Nf3 Nd1 32. Qd4 Qxd4 33. Nxd4 Nc3
34. a3 Kg7 35. Kf1 Kf6 36. f4 Ke7 37. Kf2 Kd6 38. f5 g5 39. g4 h4 40. Kf3 Kd5
41. Nc2 a5 42. Ke3 Kc4 43. f6 Nd5+ 44. Ke4 Nxf6+ 45. Kf5 Nh7 46. Ne1 Kb3 47.
Nf3 Kxa3 48. Ne5 a4 49. Nxf7 Kb4 50. Ne5 Kc3 0-1

[Event "BL 0506 SC Eppingen - SF Berlin"]
[Site "?"]
[Date "2006.01.29"]
[Round "9.8"]
[White "Balzar, Andreas Dr"]
[Black "Thiede, Lars"]
[Result "0-1"]
[WhiteElo "2374"]
[BlackElo "2417"]
[PlyCount "106"]
[EventDate "2006.??.??"]

1. e4 d6 2. d4 g6 3. Nc3 Bg7 4. h4 Nf6 5. Be2 c5 6. dxc5 Qa5 7. Qd3 Qxc5 8. Be3
Qa5 9. h5 Nxh5 10. Bxh5 Bxc3+ 11. bxc3 gxh5 12. Ne2 Nc6 13. Nf4 Bg4 14. f3 Ne5
15. Qd1 Qxc3+ 16. Kf2 Rc8 17. Rc1 Be6 18. Bd4 Qc4 19. Rxh5 f6 20. Bxa7 Qxa2 21.
Bd4 Bf7 22. Rh1 Nc6 23. Ra1 Qc4 24. Be3 Nb4 25. Rc1 Na2 26. Ra1 Qxc2+ 27. Ne2
b5 28. Qb1 b4 29. Rd1 b3 30. Rd2 Qxb1 31. Rxb1 Kd7 32. Bd4 Rc7 33. Bb2 Rhc8 34.
Nd4 e5 35. Nb5 Rc2 36. Rbd1 R8c6 37. Ke3 Rxd2 38. Rxd2 Nb4 39. g4 d5 40. g5 Rc5
41. Na3 Nc2+ 42. Ke2 d4 43. gxf6 Ke6 44. Nxc2 bxc2 45. Bc1 Kxf6 46. Ke1 Bh5 47.
Rf2 Rc3 48. f4 Bf3 49. Kd2 Bxe4 50. Re2 Kf5 51. fxe5 Kxe5 52. Bb2 Rb3 53. Kc1
Rg3 0-1

[Event "BL 0506 TV Tegernsee - SC Kreuzberg"]
[Site "?"]
[Date "2006.01.29"]
[Round "9.1"]
[White "Nisipeanu, Liviu-Dieter"]
[Black "Khenkin, Igor"]
[Result "1/2-1/2"]
[WhiteElo "2707"]
[BlackElo "2603"]
[PlyCount "26"]
[EventDate "2006.??.??"]

1. e4 e5 2. Nf3 Nc6 3. Bb5 Nf6 4. O-O Nxe4 5. d4 Nd6 6. Bxc6 dxc6 7. dxe5 Nf5
8. Qxd8+ Kxd8 9. Nc3 Ne7 10. Nd4 c5 11. Nde2 Bf5 12. Bg5 Bxc2 13. Nd5 h6
1/2-1/2

[Event "BL 0506 TV Tegernsee - SC Kreuzberg"]
[Site "?"]
[Date "2006.01.29"]
[Round "9.2"]
[White "Sokolov, Andrei"]
[Black "Socko, Bartosz"]
[Result "1/2-1/2"]
[WhiteElo "2623"]
[BlackElo "2610"]
[PlyCount "50"]
[EventDate "2006.??.??"]

1. e4 e5 2. Nf3 Nc6 3. Bc4 Bc5 4. d3 Nf6 5. Nc3 d6 6. Bg5 h6 7. Bxf6 Qxf6 8.
Nd5 Qd8 9. c3 O-O 10. b4 Bb6 11. a4 a5 12. Nxb6 cxb6 13. bxa5 bxa5 14. Nd2 Kh8
15. O-O f5 16. Qb3 Qg5 17. Ra2 Rf6 18. exf5 Rxf5 19. Ne4 Qd8 20. Be6 Rf8 21.
Bxc8 Rxc8 22. Qd5 Ne7 23. Qxd6 Qxd6 24. Nxd6 Rxc3 25. Nxb7 Nc6 1/2-1/2

[Event "BL 0506 TV Tegernsee - SC Kreuzberg"]
[Site "?"]
[Date "2006.01.29"]
[Round "9.4"]
[White "Boensch, Uwe"]
[Black "Maiwald, Jens-Uwe"]
[Result "1/2-1/2"]
[WhiteElo "2547"]
[BlackElo "2502"]
[PlyCount "30"]
[EventDate "2006.??.??"]

1. d4 Nf6 2. c4 g6 3. Nc3 Bg7 4. e4 d6 5. Be2 O-O 6. Bg5 Na6 7. h4 e5 8. d5 h6
9. Be3 Nc5 10. Qc2 c6 11. h5 cxd5 12. cxd5 Qa5 13. Bd2 Bd7 14. hxg6 fxg6 15. f3
Rac8 1/2-1/2

[Event "BL 0506 TV Tegernsee - SC Kreuzberg"]
[Site "?"]
[Date "2006.01.29"]
[Round "9.6"]
[White "Hertneck, Gerald"]
[Black "Lau, Ralf"]
[Result "1-0"]
[WhiteElo "2539"]
[BlackElo "2467"]
[PlyCount "61"]
[EventDate "2006.??.??"]

1. d4 d6 2. e4 g6 3. Nc3 Bg7 4. Bg5 Nd7 5. Qd2 a6 6. a4 b6 7. f4 Bb7 8. Nf3 Qc8
9. Bc4 c6 10. O-O b5 11. Bd3 b4 12. Ne2 a5 13. c4 bxc3 14. bxc3 d5 15. e5 Ba6
16. f5 Bxd3 17. Qxd3 gxf5 18. Nh4 e6 19. Ng3 Nb6 20. Nhxf5 exf5 21. Nxf5 Bf8
22. Nd6+ Bxd6 23. exd6 Ra7 24. Rae1+ Kf8 25. Qf3 f5 26. Qh5 Rf7 27. Bh6+ Nxh6
28. Qxh6+ Kg8 29. Re3 Qf8 30. Rg3+ Rg7 31. Rxf5 1-0

[Event "BL 0506 TV Tegernsee - SC Kreuzberg"]
[Site "?"]
[Date "2006.01.29"]
[Round "9.7"]
[White "Volke, Karsten"]
[Black "Teske, Henrik"]
[Result "1/2-1/2"]
[WhiteElo "2473"]
[BlackElo "2487"]
[PlyCount "31"]
[EventDate "2006.??.??"]

1. Nf3 d5 2. d4 e6 3. c4 a6 4. cxd5 exd5 5. Nc3 c6 6. Qc2 Bd6 7. e4 dxe4 8.
Qxe4+ Qe7 9. Bc4 Bf5 10. Qxe7+ Nxe7 11. O-O Nd7 12. Re1 O-O 13. Nh4 Bg6 14. Bg5
Rfe8 15. Bxe7 Rxe7 16. Nxg6 1/2-1/2

[Event "BL 0506 TV Tegernsee - SC Kreuzberg"]
[Site "?"]
[Date "2006.01.29"]
[Round "9.8"]
[White "Bromberger, Stefan"]
[Black "Tischbierek, Raj"]
[Result "1/2-1/2"]
[WhiteElo "2478"]
[BlackElo "2466"]
[PlyCount "83"]
[EventDate "2006.??.??"]

1. Nf3 c5 2. e4 d6 3. d4 cxd4 4. Nxd4 Nf6 5. Nc3 e6 6. g4 h6 7. h4 d5 8. exd5
Nxd5 9. Nxd5 Qxd5 10. Rg1 Nc6 11. Bg2 Qe5+ 12. Be3 Bd7 13. Nxc6 Bxc6 14. Bxc6+
bxc6 15. Qd4 Qxd4 16. Bxd4 c5 17. Bc3 O-O-O 18. Rg3 Rd5 19. Rd1 Kd7 20. Rf3 f6
21. h5 Bd6 22. Re3 Rc8 23. Re4 c4 24. Red4 Rxd4 25. Rxd4 e5 26. Rd2 Ke6 27. Ke2
Rg8 28. Rd1 g6 29. Bd2 gxh5 30. gxh5 f5 31. Bxh6 f4 32. Rh1 Be7 33. Kf1 Kf5 34.
Rg1 Rh8 35. Rg6 e4 36. Ra6 Kg4 37. Re6 Kf3 38. Bxf4 Rxh5 39. Kg1 Bc5 40. Bg3 e3
41. Rf6+ Ke2 42. fxe3 1/2-1/2

[Event "BL 0506 Godesberger SK - Leipzig Gohlis"]
[Site "?"]
[Date "2006.01.29"]
[Round "9.1"]
[White "Vogt, Lothar"]
[Black "Kasimdzhanov, Rustam"]
[Result "1/2-1/2"]
[WhiteElo "2484"]
[BlackElo "2670"]
[PlyCount "96"]
[EventDate "2006.??.??"]

1. e4 e5 2. Nf3 Nf6 3. Nxe5 d6 4. Nf3 Nxe4 5. Qe2 Qe7 6. d3 Nf6 7. Bg5 Nbd7 8.
Nc3 Qxe2+ 9. Bxe2 h6 10. Bd2 Nb6 11. O-O-O Bd7 12. h3 g6 13. Ne4 Nxe4 14. dxe4
Bg7 15. Be3 Bc6 16. Bd3 O-O 17. Bd4 Rfe8 18. Rhe1 a6 19. c3 Na4 20. Bxg7 Kxg7
21. Nd4 Bd7 22. Bc2 Nb6 23. Bb3 $11 a5 24. a3 a4 25. Ba2 Ra5 26. Re3 Rae5 27.
Rde1 c5 28. Nf3 R5e7 29. Rd1 Rxe4 30. Rxe4 Rxe4 31. Rxd6 Bc6 32. Kd2 Kf8 33.
Rd3 Rf4 34. Ke3 g5 35. Rd6 Kg7 36. Nd2 h5 37. g3 Rf5 38. f3 h4 39. gxh4 gxh4
40. Ne4 Nc8 41. Rd2 Ne7 42. Rg2+ Ng6 43. Bb1 Kf8 44. Rg5 Rxg5 45. Nxg5 Ne5 46.
Ba2 f6 47. Ne4 Ke7 48. f4 Nd7 1/2-1/2

[Event "BL 0506 Godesberger SK - Leipzig Gohlis"]
[Site "?"]
[Date "2006.01.29"]
[Round "9.2"]
[White "Jenni, Florian"]
[Black "Voigt, Roland"]
[Result "1-0"]
[WhiteElo "2502"]
[BlackElo "2384"]
[PlyCount "81"]
[EventDate "2006.??.??"]

1. e4 e6 2. d4 d5 3. Nc3 dxe4 4. Nxe4 Nd7 5. Nf3 Ngf6 6. Bg5 h6 7. Nxf6+ Nxf6
8. Be3 Bd6 9. Bd3 Qe7 10. Qe2 Nd5 11. c3 Bd7 12. Bd2 O-O-O 13. Ne5 Rhe8 14. O-O
g5 15. g3 f6 16. Nxd7 Qxd7 17. Rfe1 c6 18. c4 Nc7 19. Bc3 Qf7 20. b4 h5 21. c5
Nd5 22. cxd6 Nxc3 23. Qc2 Nd5 24. Bg6 Qd7 25. Bxe8 Qxe8 26. b5 h4 27. bxc6 Qxc6
28. d7+ Kxd7 29. Qh7+ Kd6 30. Rab1 hxg3 31. hxg3 b6 32. Rb2 Qd7 33. Qe4 Re8 34.
Rc2 Qa4 35. Rec1 a5 36. Rc4 Qd7 37. Qc2 Nb4 38. Qg6 Rf8 39. Rc7 Qd8 40. a3 Rg8
41. Qe4 1-0

[Event "BL 0506 Godesberger SK - Leipzig Gohlis"]
[Site "?"]
[Date "2006.01.29"]
[Round "9.3"]
[White "Roos, Michael"]
[Black "Sprenger, Jan-Michael"]
[Result "0-1"]
[WhiteElo "2371"]
[BlackElo "2505"]
[PlyCount "80"]
[EventDate "2006.??.??"]

1. Nf3 Nf6 2. c4 e6 3. Nc3 Bb4 4. Qc2 O-O 5. a3 Bxc3 6. Qxc3 b6 7. e3 Bb7 8.
Be2 d6 9. O-O Nbd7 10. b4 e5 11. Bb2 Re8 12. d3 c5 13. Rae1 Rc8 14. b5 d5 15.
cxd5 Nxd5 16. Qb3 Qf6 17. Nd2 Nc7 18. f4 Qg6 19. e4 exf4 20. Rxf4 Ne6 21. Rf5
Qh6 22. Nc4 Nd4 23. Bxd4 cxd4 24. Rxf7 Nc5 25. Qa2 Bd5 26. Rxa7 (26. Rf2) 26...
Be6 27. Bf1 Rf8 28. Qd2 Qh4 29. g3 Qd8 30. Ne5 Nb3 31. Qb2 Rc3 32. Nc6 Qg5 33.
Ne7+ Kh8 34. Nd5 Nd2 35. Bg2 Rxd3 36. Nf4 Rxf4 37. gxf4 $4 (37. Ra8+ Bg8 38.
Qa2) 37... Nf3+ 38. Kh1 Qh4 39. Ra8+ Bg8 40. Rxg8+ Kxg8 0-1

[Event "BL 0506 Godesberger SK - Leipzig Gohlis"]
[Site "?"]
[Date "2006.01.29"]
[Round "9.4"]
[White "Seel, Christian"]
[Black "Zesch, Ludwig"]
[Result "1/2-1/2"]
[WhiteElo "2492"]
[BlackElo "2292"]
[PlyCount "123"]
[EventDate "2006.??.??"]

1. Nf3 c5 2. c4 Nc6 3. d4 cxd4 4. Nxd4 g6 5. e4 Nf6 6. Nc3 Nxd4 7. Qxd4 d6 8.
Bg5 Bg7 9. Qd2 O-O 10. Bd3 a5 11. O-O a4 12. b4 axb3 13. axb3 Rxa1 14. Rxa1 Qb6
15. Bc2 Be6 16. Be3 Qc6 17. Ra7 Ng4 18. Bd4 Bxd4 19. Qxd4 Rb8 20. Ra5 Qc7 21.
Rg5 Ra8 22. h3 Ne5 23. f4 Nc6 24. Qf2 f6 25. Rg3 Nb4 26. Bb1 Qc5 27. Qxc5 dxc5
28. f5 Bf7 29. e5 g5 30. Be4 Ra1+ 31. Kh2 b6 32. Re3 fxe5 33. Na4 Bxc4 34. Nxb6
Bf7 35. Nd7 Rc1 36. Nxe5 Nd5 37. Rg3 Nf6 38. Bc6 Rb1 39. Rxg5+ Kf8 40. Nxf7
Kxf7 41. Rg3 Rf1 42. Rf3 Rxf3 43. Bxf3 e6 44. fxe6+ Kxe6 45. g4 h6 46. Kg3 Ke5
47. h4 Nh7 48. Be2 Nf8 49. Bc4 Ng6 50. Bf7 Ne7 51. g5 Kf5 52. gxh6 Kf6 53. Bc4
Kg6 54. Bd3+ Kxh6 55. Be4 Nc8 56. Kf4 Na7 57. Ke5 Nb5 58. Bf3 Nd4 59. b4 Nxf3+
60. Kd5 cxb4 61. Kc4 Kh5 62. Kxb4 1/2-1/2